UK Number One Artists of 2013 - Statistics

General Stats
  • This quiz has been taken 26 times
  • The average score is 18 of 30
Answer Stats
Song Artist % Correct
The Monster Eminem/Rihanna
88%
Wake Me Up Avicii/Aloe Blacc
82%
I Could Be The One Avicii/Nicky Romero
82%
Mirrors Justin Timberlake
82%
Roar Katy Perry
82%
We Can't Stop Miley Cyrus
82%
Wrecking Ball Miley Cyrus
82%
Get Lucky Daft Punk/Pharrell Williams/Nile Rodgers
76%
Thrift Shop Macklemore & Ryan Lewis/Wanz
76%
Blurred Lines Robin Thicke/Pharrell Williams/T.I.
76%
Scream & Shout Will.i.am/Britney Spears
76%
Burn Ellie Goulding
71%
Talk Dirty Jason Derulo/2 Chainz
71%
Royals Lorde
71%
One Way or Another (Teenage Kicks) One Direction
71%
Counting Stars OneRepublic
65%
La La La Naughty Boy/Sam Smith
59%
I Love It Icona Pop/Charli XCX
53%
Impossible James Arthur
53%
Somewhere Only We Know Lily Allen
53%
Lets Get Ready to Rhumble PJ and Duncan
53%
Get Up (Rattle) Bingo Players/Far East Movement
41%
Need U (100%) Duke Dumont/A*M*E
35%
Love Me Again John Newman
35%
Skyscraper Sam Bailey
35%
Animals Martin Garrix
29%
Waiting All Night Rudimental/Ella Eyre
29%
Under Control Calvin Harris/Alesso/Hurts
18%
What About Us The Saturdays/Sean Paul
18%
Look Right Through Storm Queen
12%
No matching quizzes found
Score Distribution
Percent of People with Each Score
Percentile by Number Answered
Your Score History
You have not taken this quiz